Pepito : (Record no. 293638)
[ view plain ]
| 000 -LEADER | |
|---|---|
| fixed length control field | 00641nam a2200217Ia 4500 |
| 008 - FIXED-LENGTH DATA ELEMENTS--GENERAL INFORMATION | |
| fixed length control field | 160418s9999 xx 000 0 und d |
| 050 ## - LIBRARY OF CONGRESS CALL NUMBER | |
| Classification number | FIL DS 686.2 |
| 050 ## - LIBRARY OF CONGRESS CALL NUMBER | |
| Item number | .L3C78 2011 |
| 100 ## - MAIN ENTRY--PERSONAL NAME | |
| Personal name | Cruz, Isagani A. |
| 245 ## - TITLE STATEMENT | |
| Title | Pepito : |
| 245 ## - TITLE STATEMENT | |
| Remainder of title | speaker of the house : the public life of Jose B. Laurel, Jr. / |
| 245 ## - TITLE STATEMENT | |
| Statement of responsibility, etc | Isagani A. Cruz, Cynthia Cruz Datu. |
| 260 ## - PUBLICATION, DISTRIBUTION, ETC. (IMPRINT) | |
| Place of publication, distribution, etc | Manila : |
| 260 ## - PUBLICATION, DISTRIBUTION, ETC. (IMPRINT) | |
| Name of publisher, distributor, etc | The Speaker laurel Found., Inc., |
| 260 ## - PUBLICATION, DISTRIBUTION, ETC. (IMPRINT) | |
| Date of publication, distribution, etc | 2011 |
| 300 ## - PHYSICAL DESCRIPTION | |
| Extent | 243 pages : |
| 300 ## - PHYSICAL DESCRIPTION | |
| Other physical details | illustrations ; |
| 300 ## - PHYSICAL DESCRIPTION | |
| Dimensions | 27 cm. |
| 500 ## - GENERAL NOTE | |
| General note | Includes bibliographical references. |
| 650 ## - SUBJECT ADDED ENTRY--TOPICAL TERM | |
| Topical term or geographic name as entry element | Laurel, Jose B., Jr. -- Biography. |
| Withdrawn status | Lost status | Damaged status | Home library | Current library | Shelving location | Date acquired | Total Checkouts | Full call number | Barcode | Date last seen | Price effective from | Koha item type |
|---|---|---|---|---|---|---|---|---|---|---|---|---|
| South Mansfield College | South Mansfield College | Filipiniana Section | 11/10/2011 | FIL DS 686.2 .L3C78 2011 | SMC05636 | 04/18/2016 | 04/18/2016 |